| 000 -LEADER |
| fixed length control field |
00324nam a2200109Ia 4500 |
| 008 - FIXED-LENGTH DATA ELEMENTS--GENERAL INFORMATION |
| fixed length control field |
201216s9999 xx 000 0 und d |
| 100 ## - MAIN ENTRY--PERSONAL NAME |
| Personal name |
Rushbrook, Frank |
| 245 #0 - TITLE STATEMENT |
| Title |
Fire Aboard : The Problems of Prevention and Control in Ships and Port Installations |
| 260 ## - PUBLICATION, DISTRIBUTION, ETC. |
| Place of publication, distribution, etc. |
London |
| Name of publisher, distributor, etc. |
Technical Press Ltd. |
| 300 ## - PHYSICAL DESCRIPTION |
| Extent |
480 |
| 942 ## - ADDED ENTRY ELEMENTS (KOHA) |
| Koha item type |
Books |